| 000 -LEADER |
| fixed length control field |
00428nam a22000977a 4500 |
| 008 - FIXED-LENGTH DATA ELEMENTS--GENERAL INFORMATION |
| fixed length control field |
211004b ||||| |||| 00| 0 eng d |
| 100 ## - MAIN ENTRY--AUTHOR'S NAME |
| Author's Name |
Siegel, Robert - Auction Galleries Sale 1242 (Oct 12, 20210 |
| 245 ## - TITLE STATEMENT |
| Title |
Gordon Eubanks Collection US 1851 to 1856 Imperoratef Issues |
| 260 ## - PUBLICATION, DISTRIBUTION, ETC. (IMPRINT) |
| Name of publisher, distributor, etc. |
Robert Siegel Auction Galleries, Inc. |
| Date of publication, distribution, etc. |
2021 |
| 650 ## - TOPICAL TERM (Tag) |
| Topical term or geographic name |
United States ; Imperforate Issues; One-cent Benjamin Franklin; three cent George Washington |